Оренбургская губерния с прилежащими к ней местами, по "Ландкартам" Красильникова и "Топографии" П. И. Рычкова 1755 года: карты

Podrobná bibliografie
Shrnutí:Издано на средства Ивана Федоровича и Федора Ивановича Базилевских
Печатано по определению Оренбургского Отдела Имераторского Русского Географического общества
Текст в русской дореформенной орфографии
Jazyk:ruština
Vydáno: Оренбург, Типография Б. Бреслина, 1880
Témata:
Médium: MixedMaterials Kniha
KOHA link:https://koha.lib.tpu.ru/cgi-bin/koha/opac-detail.pl?biblionumber=370328

MARC

LEADER 00000nam0a2200000 4500
001 370328
005 20231102012253.0
035 |a (RuTPU)RU\TPU\retro\27736 
090 |a 370328 
100 |a 20220624d1880 m y0rusy50 ca 
101 0 |a rus 
102 |a RU 
105 |a a z 000zy 
200 1 |a Оренбургская губерния с прилежащими к ней местами, по "Ландкартам" Красильникова и "Топографии" П. И. Рычкова 1755 года  |e карты 
210 |a Оренбург  |c Типография Б. Бреслина  |d 1880 
215 |a 56 с.  |c карты 
300 |a Издано на средства Ивана Федоровича и Федора Ивановича Базилевских 
300 |a Печатано по определению Оренбургского Отдела Имераторского Русского Географического общества 
300 |a Текст в русской дореформенной орфографии 
316 |5 63413507: 64//621  |a На титульном листе владельческая подпись: «Романовский» 
316 |5 63413507: 64//621  |a На титульном листе надпись:"От брата Александра" 
317 |5 63413507: 64//621  |a Приобретен ТТИ в 1908 г. для Горного отделения В. А. Обручевым и Л. Л. Тове из библиотеки профессора Горного института Г. Д. Романовского 
606 1 |a География  |y Россия  |2 stltpush  |3 (RuTPU)RU\TPU\subj\69320  |9 84231 
610 1 |a Коллекция Г. Д. Романовского 
610 1 |a Оренбургская область 
610 1 |a 18 век 
610 1 |a история 
610 1 |a описание 
610 1 |a население 
675 |a 91(47+57)  |v 3 
801 1 |a RU  |b 63413507  |c 20220624 
801 2 |a RU  |b 63413507  |c 20220628  |g RCR 
942 |c BK